|
|
|
|
| LEADER |
00000nas a2200000 a 4500 |
| 001 |
ssj0001865203 |
| 003 |
WaSeSS |
| 005 |
20200512172242.0 |
| 006 |
m d |
| 007 |
cr n |
| 008 |
890103u1975uuuubl x m s 0 a0por c |
| 010 |
|
|
|a 89648857
|
| 035 |
|
|
|a (WaSeSS)ssj0001865203
|
| 040 |
|
|
|a LDL
|b eng
|c LDL
|d DLC
|d OCLCQ
|d OCLCF
|d OCLCO
|d OCLCA
|d WaSeSS
|
| 041 |
0 |
|
|a por
|b eng
|
| 042 |
|
|
|a pcc
|
| 043 |
|
|
|a s-bl---
|
| 050 |
0 |
0 |
|a HB9
|b .P4
|
| 082 |
0 |
0 |
|a 330.981/65063
|2 20
|
| 245 |
0 |
0 |
|a Perspectiva econômica
|h [electronic resource].
|
| 260 |
|
|
|a [São Leopoldo] :
|b Centro de Ciências Econômicas
|
| 310 |
|
|
|a Irregular
|
| 362 |
1 |
|
|a Began in 1975.
|
| 490 |
1 |
|
|a Cooperativismo
|
| 500 |
|
|
|a Sometimes issued as series: Cooperativismo.
|
| 506 |
|
|
|a License restrictions may limit access.
|
| 515 |
|
|
|a Some issues lack chronological designation.
|
| 546 |
|
|
|a Abstracts in English.
|
| 550 |
|
|
|a Issued by: Universidade do Vale do Rio dos Sinos, <1980-abril/maio 1986>.
|
| 555 |
|
|
|a Vols. 1 (1966)-76 (1992). 1v.
|
| 588 |
|
|
|a Description based on: Ano 1977, no. 15.
|
| 588 |
|
|
|a Latest issue consulted: Vol. 21, no. 53 (abril/maio 1986).
|
| 650 |
|
0 |
|a Economics.
|
| 650 |
|
0 |
|a Economics
|z Brazil.
|
| 650 |
|
7 |
|a Economics.
|2 fast
|0 (OCoLC)fst00902116
|
| 651 |
|
7 |
|a Brazil.
|2 fast
|0 (OCoLC)fst01206830
|
| 655 |
|
0 |
|a Electronic journals.
|
| 710 |
2 |
|
|a Universidade do Vale do Rio dos Sinos.
|b Centro de Ciências Econômicas.
|
| 710 |
2 |
|
|a Universidade do Vale do Rio dos Sinos.
|
| 780 |
0 |
0 |
|t Vale do Rio dos Sinos
|w (OCoLC)6029416
|
| 830 |
|
0 |
|a Cooperativismo (São Leopoldo, Rio Grande do Sul, Brazil)
|
| 850 |
|
|
|a DLC
|
| 856 |
4 |
0 |
|z Full text available from Research Library: 01/01/2011 to present
|u https://search.proquest.com/publication/2040955
|